Chelsea Current Squad (24/25) - Statistics

General Stats
  • This quiz has been taken 22 times
    10 since last reset
  • The average score is 22 of 31
Answer Stats
Answer % Correct
Robert Sánchez
100%
Cole Palmer
90%
Enzo Fernández
90%
Levi Colwill
90%
Nicolas Jackson
90%
Noni Madueke
90%
Pedro Neto
90%
Reece James
90%
Roméo Lavia
90%
Filip Jørgensen
80%
Malo Gusto
80%
Marc Cucurella
80%
Moisés Caicedo
80%
Mykhaylo Mudryk
80%
Benoît Badiashile
70%
Christopher Nkunku
70%
Jadon Sancho
70%
Marc Guiu
70%
Tosin Adarabioyo
70%
Wesley Fofana
70%
Kiernan Dewsbury-Hall
60%
Lucas Bergström
60%
Marcus Bettinelli
60%
Trevoh Chalobah
60%
Tyrique George
60%
Aarón Anselmino
50%
Enzo Maresca
50%
Josh Acheampong
50%
David Datro Fofana
40%
Mathis Amougou
40%
Omari Kellyman
20%
No matching quizzes found
Score Distribution
Percent of People with Each Score
Percentile by Number Answered
Your Score History
You have not taken this quiz since the last reset